[Event "Mogliano Veneto op-C 31st"]
[Site "Mogliano Veneto"]
[Date "2010.04.30"]
[Round "1"]
[White "Greco, Alvise"]
[Black "Vomiero, Luciano"]
[Result "0-1"]
[WhiteElo "1365"]
[BlackElo "1464"]
[PlyCount "50"]
[EventDate "2010.04.30"]
[EventType "swiss"]
[EventRounds "5"]
[EventCountry "ITA"]
[SourceTitle "EXT 2023"]
[Source "ChessBase"]
[SourceDate "2022.10.05"]
[SourceVersion "1"]
[SourceVersionDate "2022.10.05"]
[SourceQuality "1"]

1. d4 d5 2. c4 e6 3. Nc3 Nf6 4. Bg5 Be7 5. Qc2 Nc6 6. Nf3 dxc4 7. 0-0-0 Nd5 8. Bxe7 Qxe7 9. e4 Nxc3 10. Qxc3 b5 11. a3 0-0 12. d5 Nd8 13. Qa5 a6 14. h4 Qc5 15. Kc2 Qxf2+ 16. Rd2 Qc5 17. Rd4 Nb7 18. Qc3 Nd6 19. Bd3 h6 20. Kb1 a5 21. g4 b4 22. axb4 axb4 23. Qc1 Qa5 24. Bxc4 Nxc4 25. Rxc4 Qa2+ 0-1